Genus... or Pokémon - Statistics

General Stats
  • This quiz has been taken 44 times
  • The average score is 13 of 15
Answer Stats
Question Answer % Correct
Groudon Pokémon
100%
Syzygium Genus name
94%
Crocodylus Genus name
94%
Passimian Pokémon
94%
Quilladin Pokémon
94%
Archeops Pokémon
94%
Accipiter Genus name
88%
Loxodonta Genus name
88%
Acerodon Genus name
88%
Bastiodon Pokémon
88%
Basculin Pokémon
88%
Spinacia Genus name
81%
Blacephalon Pokémon
81%
Helarctos Genus name
75%
Dragalge Pokémon
63%
No matching quizzes found
Score Distribution
Percent of People with Each Score
Percentile by Number Answered
Your Score History
You have not taken this quiz